000 00583nam a22001932 4500
001 0000012221
005 20151217155851.0
008 090217s xx 000 0 eng d
040 _aKABU
_cKABU
100 1 _aAskwith, Tom.
_@0000168478
245 1 4 _aThe Changing pattern of African life /
_cTom Askwith.
250 _a1st ed.
260 _aFarnham, UK. :
_bOverseas Service College,
_c1970.
300 _a32 p.
651 0 _aAfrica
_xEconomic conditions.
_@0000150453
852 1 _9p100 KES
908 _a090217
950 _@1
999 _c13493
_d13493